000 00286nam a22001337a 4500
008 170608b xxu||||| |||| 00| 0 eng d
020 _a9789280811667
041 _aeng
080 _a324
100 _a17
101 _aSHP
245 _aFULL PARTICIPARION
_cBIRCH, S
942 _2udc
_cBK
999 _c16523
_d16523